000 00772nam a2200253Ia 4500
003 OSt
005 20221005081015.0
006 a|||||r|||| 00| 0
007 ta
008 221004b |||||||| |||| 00| 0 eng d
020 _a9788182748019 (hbk)
_c1295
024 _a16492
037 _bCBS/227, 16/01/2015, Classic Book Service
_cTextual
040 _aCRL
_cCRL
_beng
041 _2eng
_aeng
082 _aV2,4N20:8.P1, Q4
100 _aRamana P V
245 0 _aUnderstanding India's maoists
_b Select documents
260 _aNew Delhi
_bPentagon Press India
_c2014
300 _ax,398p.
_ccm.
650 _aHISTORY
942 _hV2,4N20:8.P1, Q4
_cTEXL
_2cc
999 _c987010
_d987010